Sports Quiz

Random Sports Quiz
Score 0/50 Timer 05:00
0 Plays Today
League Name Is it Real? % Correct
National Football League???
94.2%
Major League Soccer???
91.6%
Canadian Football League???
90.3%
Barclays Premier League???
89%
NBA Development League???
88.4%
Arena Football League???
86.5%
National Hockey League???
85.8%
Arizona Fall League???
83.9%
American Basketball Association???
83.9%
Serie A???
83.9%
Eredivisie???
83.2%
North American Soccer League???
83.2%
Bundesliga???
82.6%
American Hockey League???
81.9%
Liga Futsal???
81.9%
United Football League???
81.3%
Guinness Pro12???
80%
Baltic Basketball League???
79.4%
Fall Experimental Football League???
76.8%
Liga Postobon???
76.8%
Premier Basketball League???
75.5%
Major League Ultimate???
75.5%
East Coast Hockey League???
74.8%
X-League???
74.2%
Iranian Basketball Super League???
73.5%
League Name Is it Real? % Correct
German Football League???
72.9%
Kontinental Hockey League???
71.6%
Super Soccer USA???
31.6%
EuGridiron???
31%
Basketball Champions: USA???
30.3%
Basketball Battles USA???
30.3%
Global Microsoft Soccer???
30.3%
Mexican Rugby Championship???
29%
WinOrGetIn Football???
28.4%
Hawaii-Alaska Frisbee Battle???
28.4%
Irish Golfing Palooza???
27.7%
Baseball in Boston: PeeWee League???
27.1%
Samsung Association ???
26.5%
Professional Mexican Golf???
26.5%
League of Winners???
26.5%
Professional WizBasket League???
25.8%
Canadian Deer Shooting League???
25.2%
Mexican Gridiron???
24.5%
North Korean Soccer Championship???
24.5%
Iraqi Rugby Association???
23.9%
Kansas Independent League???
22.6%
Texas-Oklahoma Baseball League???
21.9%
SheikhHockey India???
21.9%
Major League Rugby???
18.1%
KickBall American Championship???
14.8%
Remove Ads.
Support Sporcle.
Get the best of Sporcle when you Go Orange. This ad-free experience offers more features, more stats, and more fun while also helping to support Sporcle. Thank you for becoming a member.

You're not logged in!

Compare scores with friends on all Sporcle quizzes.
OR
Log In

Show Comments

Extras

Created Dec 14, 2014ReportNominate
Tags:League

Top Quizzes Today


Score Distribution

Your Account Isn't Verified!

In order to create a playlist on Sporcle, you need to verify the email address you used during registration. Go to your Sporcle Settings to finish the process.

Report this User

Report this user for behavior that violates our Community Guidelines.

Details: